Estatísticas para Títulos dos filmes de Star Wars em português

Clique aqui para jogar o quiz

Estatísticas Gerais

  • Esse quiz foi jogado 368 vezes
  • A pontuação média é 7 de 9

Estatísticas das Respostas

EpisódioAnoFilme% Correto
V1980O Império Contra-Ataca
91%
I1999A Ameaça Fantasma
89%
IV1977Uma Nova Esperança
86%
III2005A Vingança dos Sith
85%
VII2015O Despertar da Força
78%
II2002Ataque dos Clones
74%
VIII2017Os Últimos Jedi
71%
VI1983O Retorno de Jedi
68%
IX2019A Ascensão Skywalker
57%

Distribuição das Pontuações

Percentil de Números Respondidos

Porcentagem de Pessoas com Cada Pontuação

Sua Pontuação Histórica

Você não jogou esse quiz